Sheaves in geometry and logic : a first introduction to topos theory

Αποθηκεύτηκε σε:
Λεπτομέρειες βιβλιογραφικής εγγραφής
Κύριος συγγραφέας: Mac Lane, Saunders 1909-
Άλλοι συγγραφείς: Moerdijk, Ieke
Μορφή: Βιβλίο
Γλώσσα:English
Δημοσίευση: New York : Springer-Verlag, c1992
Σειρά:Universitext
Θέματα:
Ετικέτες: Προσθήκη ετικέτας
Δεν υπάρχουν, Καταχωρήστε ετικέτα πρώτοι!

MARC

LEADER 00000nam a2200000 i 4500
001 1/42352
008 031013s1992 eng d
020 |a 0-387-97710-4 
035 |l 10071155 
040 |a GR-MY-UA  |b gre  |e aacr 
041 0 |a eng 
082 0 |a 512.55 
100 1 |a Mac Lane, Saunders  |d 1909- 
245 1 0 |a Sheaves in geometry and logic :  |b a first introduction to topos theory /  |c Saunders Mac Lane, Ieke Moerdijk 
260 |a New York :   |b Springer-Verlag,   |c c1992 
300 |a xii, 627 p.;  |b ill.;  |c 24 cm. 
490 1 |a Universitext 
504 |a Includes bibliographical references and indexes 
650 0 0 |a Toposes. 
700 1 |a Moerdijk, Ieke. 
830 0 |a Universitext 
852 |a INST  |b SAMOS  |e 20031013  |h 512.55 MAC  |p 005300023837  |q 005300023837  |t BK  |y 0 
901 |a BIBL3-2003-3 
909 |a Σ  |b 106217 
922 |a 3ΕΛΗ  |b 200306  |c ΕΠΕΑΕΚ2/ΤΜΗΜΑ ΜΑΘΗΜΤΙΚΩΝ  |d ΜΙΧΑΛΟΠΟΥΛΟΣ 
950 |a 116-2003-06-13 
970 |a ΚΟΣΙΕΡΗΣ  |b ΧΡΗΣΤΟΣ  |z 2003/10/17